| 000 | 00806nam a2200193Ii 4500 | ||
|---|---|---|---|
| 003 | JO-AjNU | ||
| 008 | 230605s9999||||xx |||||||||||||| ||und|| | ||
| 040 |
_aJO-AjNU _bara _erda _cJO-AjNU |
||
| 041 | _aara | ||
| 050 | 1 | 4 | _aHT421 .G4288 1994 |
| 100 | 3 |
_aتأليف: محمد، غريب محمد سيد / م.مشارك: عبدالباسط محمد عبد المعطي, _eauthor _915737 |
|
| 245 | 0 | 0 | _aمجتمع القرية : دراسات وبحوث |
| 264 | 3 | 1 | _aالاسكندرية: دار المعرفة الجامعية، 1994 |
| 300 |
_a475ص _bيحتوي على ببلوغرافية |
||
| 336 |
_atext _btxt _2rdacontent |
||
| 337 |
_aunmediated _bn _2rdamedia |
||
| 338 |
_avolume _bnc _2rdacarrier |
||
| 650 | 4 |
_aعلم الاجتماع الريفي - التنمية الريفية - مصر _915738 |
|
| 999 |
_aA4514 _c8082 _d8082 |
||